| 000 | 00356nam a2200145Ia 4500 | ||
|---|---|---|---|
| 008 | 230711s9999||||xx |||||||||||||| ||und|| | ||
| 041 | _aENG | ||
| 082 | _bDE-B | ||
| 100 | _aDevarajan,G | ||
| 245 | 0 | _aBibliometric studies | |
| 250 | _a1st Ed. | ||
| 260 |
_c1997 _aNew Delhi _bEss Ess Publication |
||
| 650 | _aLibrary and Information Science | ||
| 942 | _cBK | ||
| 999 |
_c4214 _d4214 |
||